000 00652nam a22001937a 4500
999 _c17184
_d17184
008 180915b xxu||||| |||| 00| 0 eng d
020 _a1405167796
040 _aKABU
_cKABU
050 _aSK571
_b.B87 2007 c. 1
245 _aBushmeat and livelihoods
_bwildlife management and poverty reduction
_cedited by Glyn Davies, David Brown
260 _aUSA
_bBlackwell publishing Ltd.
_c2007
300 _ax, 274 p.
650 _aWildlife as food
_zAfrica
650 _aWildlife as food
_xEconomic aspects
_zAfrica
650 _aWildlife management
_zAfrica
700 _aDavies, Glyn (ed.)
700 _aBrown, David (ed.)
942 _2lcc
_cBK
_hSK571